| 000 | 00430 a2200157 4500 | ||
|---|---|---|---|
| 250 | _a2ème éd. | ||
| 245 | _aCours d'histologie et embryologie : appareil circulatoire, hématopoïétique, appareil digestif, appareil urinaire : tome 1 | ||
| 100 | _aCzyba, J. C. | ||
| 700 | _aGirod, C. | ||
| 260 | _c1968 | ||
| 300 | _a230 p. | ||
| 035 | _a3391 | ||
| 999 |
_c16855 _d16855 |
||